000 00806nac a22002537a 4500
001 BR8002952
003 BR-BrBNA
005 20240105114706.0
008 230509b bl.|||m| |||| 00| 0 por d
040 _aBR-BrBNA
_bpor
_cBiblioteca Nacional de Agricultura
072 _aE70
090 _aE70 BR8002952
110 1 _aMinisterio das Relacoes Exteriores, Brasilia, DF (Brasil). Div. de Estudos e Pesquisas de Mercado
245 1 _aComo exportar. Australia
260 3 _aBrasilia, DF (Brasil):
_c1980.
300 _a116 p.
490 _aEstudos e Documentos de Comercio Exterior. Como Exportar (Brazil)
_vno. 17
_x
650 _aComercio exterior
650 _aExportacao
650 _aMercado
650 _aAustralia
909 _a202312
_bLúcia Elande
_c55
_dLúcia Elande
942 _2AGRIS
_n0
_cMS
999 _c270770
_d270770